Digitálne technológie a energetická efektívnosť

Energetická účinnosť, obnoviteľné zdroje energie sú najdôležitejšie piliere pri dosahovaní klimatickej neutrality. Úsporu energie, čo prospieva životnému prostrediu, ako aj všetkým ekonomickým subjektom, je možno realizovať viacerými spôsobmi. Dôležtými v tomto procese sú úspory energií v budovách,...

Descrizione completa

Salvato in:
Dettagli Bibliografici
Autore principale: Vidová, Jarmila, 1967-
Natura: Capitolo di libro
Lingua:slovacco
Soggetti:
Tags: Aggiungi Tag
Nessun Tag, puoi essere il primo ad aggiungerne!!

MARC

LEADER 00000naa$a2200000$$$4500
001 0291982
005 20240513101758.7
041 0 |a slo 
044 |a SK 
245 1 0 |a Digitálne technológie a energetická efektívnosť  |c Jarmila Vidová 
520 |a Energetická účinnosť, obnoviteľné zdroje energie sú najdôležitejšie piliere pri dosahovaní klimatickej neutrality. Úsporu energie, čo prospieva životnému prostrediu, ako aj všetkým ekonomickým subjektom, je možno realizovať viacerými spôsobmi. Dôležtými v tomto procese sú úspory energií v budovách, či už kancelárskych alebo budovách s bytmi, úspory v deprave. Každodenné problémy s efektívnym fungovaním miest v dôsledku tlaku rastúceho počtu obyvateľov je možné riešiť zavádzaním digitálnych inteligentných technológií. Digitálne technológie sú v súčasnosti predpokladom zmysluplnej digitalizácie a nástupu novej priemyselnej inteligentnej revolúcie. V príspevku sa zmeriame na možnosti využívania smart technológií efektívne a synergické riešenia v súlade s udržateľným rozvojom miest. 
610 2 0 |a efektívnosť 
610 2 0 |a efektívnosť energetická 
610 2 0 |a technológie nové 
610 2 0 |a digitalizácia 
610 2 0 |a internet vecí 
610 2 0 |a udržateľnosť 
100 1 |a Vidová, Jarmila, 1967-